[Event "Barcelona Primavera La Lira op 11th"]
[Site "Barcelona"]
[Date "2018.04.19"]
[Round "2"]
[White "Codina Blasco, Joan"]
[Black "Caravia Nogueras, Ignacio"]
[Result "1-0"]
[WhiteElo "1684"]
[BlackElo "1649"]
[PlyCount "101"]
[EventDate "2018.04.12"]
[EventType "swiss"]
[EventRounds "9"]
[EventCountry "ESP"]
[SourceTitle "CBM 184 Extra"]
[Source "ChessBase"]
[SourceDate "2018.06.28"]
[SourceVersion "1"]
[SourceVersionDate "2018.06.28"]
[SourceQuality "1"]

1. e4 c5 2. Nf3 Nc6 3. d4 d6 4. d5 Ne5 5. Nxe5 dxe5 6. Bb5+ Bd7 7. Qe2 a6 8. Bxd7+ Qxd7 9. Be3 e6 10. Nc3 exd5 11. exd5 Nf6 12. 0-0-0 Bd6 13. Bg5 Qf5 14. f4 0-0 15. Rhe1 Rae8 16. Bxf6 Qxf4+ 17. Qe3 Qxf6 18. Ne4 Qg6 19. Nxc5 Rc8 20. Nd3 Qxg2 21. Nf2 f5 22. Rd2 e4 23. Nd1 Qg6 24. Rg1 Qf7 25. Rdg2 g6 26. Qh6 Bf4+ 27. Qxf4 Qxd5 28. Nc3 Qc4 29. Qd6 Rc6 30. Qd5+ Kg7 31. Qxc4 Rxc4 32. Rd2 e3 33. Rd7+ Rf7 34. Rxf7+ Kxf7 35. Rf1 Rd4 36. Ne2 Rd2 37. Re1 Kf6 38. Nf4 Rxh2 39. Rxe3 g5 40. Nd5+ Kg6 41. Re6+ Kg7 42. Re7+ Kf8 43. Re5 Rf2 44. Ne3 f4 45. Rf5+ Ke8 46. Ng4 Rg2 47. Nf6+ Kd8 48. Nxh7 Rf2 49. Nxg5 Ke7 50. Rf7+ Kd6 51. Ne4+ 1-0